[Event "XVIII Najdorf Open 2018"]
[Site "Warsaw"]
[Date "2018.07.13"]
[Round "6"]
[White "Kanarek, Marcel"]
[Black "Sieciechowicz, Marcin"]
[Result "1/2-1/2"]
[WhiteElo "2508"]
[BlackElo "2410"]
[Annotator "TA"]
[PlyCount "136"]
[EventDate "2018.07.08"]
[EventCountry "POL"]
[SourceTitle "playchess.com"]
[Source "ChessBase"]
[SourceQuality "1"]

{[%evp 30,136,53,54,52,52,55,55,55,55,55,55,55,55,55,55,59,52,51,45,55,52,52,52,52,52,52,44,87,87,87,37,37,37,46,37,37,34,35,22,22,22,26,23,29,26,33,31,31,29,29,22,22,22,22,22,22,22,28,18,18,18,18,18,18,0,18,0,0,0,0,0,0,0,7,0,18,0,0,0,18,0,0,0,0,0,0,0,0,0,0,0,0,0,0,0,0,0,0,0,0,0,0,0,0,0,0,0,0]} 1. e4 c5 2. Nf3 d6 3. d4 cxd4 4. Nxd4 Nf6 5. Nc3 a6 6. Bg5 e6 7. f4 h6 8. Bh4 Be7 9. Qf3 Nbd7 10. O-O-O Qc7 11. Be2 b5 12. Bxf6 {B99: Sizilianisch (Najdorf-Variante)} Nxf6 13. e5 Bb7 14. Qg3 dxe5 15. fxe5 Nd5 16. Nxe6 $1 {LiveBook: 19 Partien} fxe6 17. Qg6+ $1 Kd7 18. Bg4 $1 Qxe5 19. Nxd5 $1 {[#] Droht stark Lxe6+!} Qg5+ $1 ({Falsch wäre} 19... Bxd5 $2 {[#]} 20. Rxd5+ $1 {[%mdl 512]} Qxd5 21. Rd1 $18) 20. Qxg5 ({Doch nicht} 20. Ne3+ Kc7 $15) 20... Bxg5+ 21. Kb1 $146 {Und Sb6+ würde nun gewinnen.} Bxd5 22. Rxd5+ Kc7 23. Bxe6 Rad8 24. a3 Rxd5 25. Bxd5 $14 {[%mdl 4096] Endspiel KTL-KTL} Rd8 26. Bf3 Bf6 27. Re1 a5 28. c3 b4 29. axb4 axb4 30. Kc2 bxc3 31. bxc3 Rd7 32. c4 Re7 33. Rb1 Re3 34. Bd5 Kd6 35. Rb5 Ra3 36. Kd2 Bg5+ 37. Ke2 Re3+ 38. Kf2 Rc3 39. Rb6+ Kc5 40. Rg6 (40. Rb7 {keeps more tension.} Bf6 41. Bg8 Ra3 42. Ke2 Kd4 43. Rd7+) 40... Bf6 41. Rg4 Ra3 42. Re4 Bd4+ 43. Ke2 Bf6 44. h4 Rc3 {Die Stellung ist ausgeglichen.} 45. Rg4 Ra3 46. h5 Rc3 47. g3 Be5 48. Kf2 Rc2+ 49. Kf3 Rc3+ 50. Kg2 Ra3 51. Rg6 Rb3 52. Kh3 Rb6 53. Be6 Bf6 54. Bd5 Be5 55. Rg4 Rb3 56. Kg2 Rb2+ 57. Kh3 Rb3 58. Bf7 Rb7 59. Be6 Rb6 60. Bg8 Rb3 61. Bd5 Re3 62. Kg2 Rb3 63. Bf3 Rc3 64. Be2 Re3 65. Kf2 Bd4 66. Kf1 Be5 67. Kf2 Bd4 68. Kf1 Be5 {Precision: Weiß = 58%, Schwarz = 78%.} 1/2-1/2

[Event "XVIII Najdorf Open 2018"]
[Site "Warsaw"]
[Date "2018.07.13"]
[Round "6"]
[White "Thybo, Jesper Sondergaard"]
[Black "Salem, AR Saleh"]
[Result "1/2-1/2"]
[WhiteElo "2497"]
[BlackElo "2642"]
[Annotator "TA"]
[PlyCount "151"]
[EventDate "2018.07.08"]
[EventCountry "POL"]
[SourceTitle "playchess.com"]
[Source "ChessBase"]
[SourceQuality "1"]

{[%evp 25,151,33,46,34,37,27,41,35,48,29,41,10,15,12,8,0,0,0,3,0,0,0,0,0,0,0,0,0,0,0,0,0,0,0,0,0,0,0,0,-33,-52,-62,-26,-26,-26,-26,-26,-26,0,-26,0,-26,-18,-18,0,-26,-26,-26,-26,-20,-18,-25,-25,-26,-26,-26,-18,-18,-18,-18,-18,-18,-18,-18,-18,-18,-18,-18,-18,-18,-18,-18,-18,-18,-18,-18,-18,-18,-18,-18,-18,-18,-11,-18,-18,-18,-18,-18,-18,-18,-18,-18,-18,-18,0,0,0,0,0,0,0,0,0,0,0,0,0,0,0,0,0,0,0,0,0,0,0,-8]} 1. d4 d5 2. Nf3 c5 3. c4 e6 4. cxd5 exd5 5. Nc3 Nc6 6. g3 Nf6 7. Bg2 Be7 8. O-O O-O 9. Bg5 cxd4 10. Nxd4 h6 11. Be3 Bg4 12. h3 Be6 13. Rc1 Qd7 {LiveBook: 24 Partien} 14. Nxe6 {D34: Damengambit (Tarrasch-Verteidigung, Hauptvariante)} (14. Kh2 Rfe8 15. Qa4 a6 16. Rfd1 b5 17. Qc2 Rac8 18. a3 Bf8 19. Qb1 Nxd4 20. Bxd4 Bf5 21. Qa2 Ne4 22. Qxd5 Qxd5 23. Nxd5 Rxc1 24. Rxc1 {1-0 (51) Werle,J (2517)-Berelowitsch,A (2543) Netherlands 2013}) 14... fxe6 15. f4 Rfd8 {[#] zielt auf ...d4 ab.} 16. Bf2 {Weiß steht etwas besser.} Bb4 $146 ({Vorgänger:} 16... Rac8 17. Qa4 b6 18. Rfd1 Nb8 19. Qxd7 Nfxd7 20. f5 exf5 21. Bxd5+ Kh7 {½-½ (43) Sukharisingh,R (2319)-Silber,H (2218) Germany 2001}) 17. Qa4 Qe7 18. e4 (18. a3 {keeps more tension.} Bc5 19. e3 a6 20. Qc2 Ba7 21. e4) 18... Bxc3 $1 19. Rxc3 dxe4 20. Bxe4 Nxe4 21. Qxe4 Rd2 22. Rc2 Rad8 23. Re1 Qf7 24. Rxd2 Rxd2 25. Re2 Rxe2 26. Qxe2 Qf5 27. Kh2 a6 28. Qd2 Qe4 29. b3 Nb4 30. Bd4 Nd5 31. Bb2 Ne3 32. Qe2 {[#]} h5 $1 {[%mdl 512]} 33. Qf2 (33. Qxh5 Qg2#) 33... h4 34. Be5 hxg3+ 35. Kxg3 Nf5+ 36. Kh2 Ne3 37. Kg3 Nf5+ 38. Kh2 Kf7 39. Qg2 Qd5 40. Qc2 b5 41. Qe2 Qc6 42. Qg2 Qd7 43. Qe2 a5 44. Qc2 Kg8 45. Qe2 a4 46. bxa4 {Die Stellung ist ausgeglichen.} bxa4 47. Qc2 Qd5 48. Qc8+ Kh7 {( -> ...Dd2+)} 49. Qc2 Qf3 50. Qg2 Qe3 51. Qg4 Qd2+ 52. Qg2 Qd3 53. Qg4 Kg8 54. Qg6 Qc2+ 55. Qg2 Qc4 56. Qa8+ Kf7 57. Qb7+ Kg6 58. Qg2+ Kh7 59. Qd2 Qe4 60. Qg2 Qb1 61. Qe2 Kg6 62. Qg2+ Kf7 63. Qb2 Qe4 64. Qd2 Qd5 (64... Kg8 {is interesting.} 65. Qd8+ Kh7 66. Qg5 Qe2+ 67. Qg2 Qd1) 65. Qxd5 exd5 $11 {[%mdl 4096] Endspiel KL-KS} 66. Kg2 Ke6 67. Kf3 g6 68. Ke2 Ne7 69. Kd3 Nc6 70. Bc3 Kf5 71. Bd2 Nd8 72. Kd4 Ne6+ 73. Kxd5 Nxf4+ 74. Kc4 Nxh3 75. Kb4 Ke6 76. Kxa4 {Precision: Weiß = 82%, Schwarz = 66%.} 1/2-1/2

[Event "XVIII Najdorf Open 2018"]
[Site "Warsaw"]
[Date "2018.07.13"]
[Round "6"]
[White "Wieczorek, Oskar"]
[Black "Tomczak, Jacek"]
[Result "0-1"]
[WhiteElo "2470"]
[BlackElo "2600"]
[Annotator "TA"]
[PlyCount "120"]
[EventDate "2018.07.08"]
[EventCountry "POL"]
[SourceTitle "playchess.com"]
[Source "ChessBase"]
[SourceQuality "1"]

{[%evp 14,120,22,12,21,16,18,22,13,15,15,13,28,39,30,39,38,38,40,43,58,51,57,26,29,13,24,-6,27,0,23,-12,0,-15,-3,-4,26,22,30,-39,0,-6,0,0,-10,-48,-55,-60,-57,-37,-63,-67,-74,-56,-60,-145,-147,-196,-183,-261,-270,-238,-232,-549,-254,-255,-131,-136,-134,-136,-153,-197,-196,-216,-217,-217,-211,-335,-321,-351,-352,-370,-374,-471,-457,-484,-372,-335,-299,-295,-279,-342,-193,-376,-366,-450,-440,-586,-586,-584,-566,-566,-511,-502,-472,-1908,-1824,-1676,-1577]} 1. e4 c5 2. Nf3 d6 3. d4 cxd4 4. Qxd4 Nc6 5. Bb5 Bd7 6. Qd3 {B53: Sicilian: 2...d6: Lines with Qxd4} a6 7. Bxc6 Bxc6 8. c4 {LiveBook: 13 Games. The position is equal.} g6 9. Nc3 Bg7 10. O-O Nf6 11. Nd4 O-O 12. h3 Qa5 13. Be3 Rfc8 14. Rac1 Bd7 {[#]} 15. b3 $146 Rab8 16. a4 Be8 17. Rfd1 e6 18. Qb1 Nd7 19. Nde2 Qb4 20. Bd2 {Nd5 is the strong threat.} Qc5 21. Be3 Qb4 22. Bd2 Nc5 23. Nd5 $1 {[%cal Rd5b4]} Qxb3 24. Ne7+ Kf8 25. Nxc8 Rxc8 26. Bf4 (26. Bb4 $11 Qxb1 27. Rxb1) 26... e5 (26... Qxb1 {keeps more tension.} 27. Rxb1 Bxa4 28. Rxd6 Nxe4 29. Rdb6 Bc6) 27. Be3 {Threatens to win with Bxc5.} Qxb1 28. Rxb1 Bxa4 29. Bxc5 Rxc5 30. Rxd6 Bc6 31. Rd8+ Ke7 {[%mdl 1024] Black has compensation.} 32. Rc8 Kd7 $1 {[%cal Rd7c8]} 33. Rg8 Bh6 34. Rd1+ ({Better is} 34. Rh8 $15) 34... Ke6 $17 35. f3 Be3+ ({Don't do} 35... Rxc4 36. Rd3 $17) 36. Kh2 (36. Kf1 {is a better defense.}) 36... Rxc4 $19 37. Rd3 Bg5 38. Rc8 $2 (38. Kg1) 38... Rc2 (38... Bb5 $142 39. Rc3 Rxc8 40. Rxc8 Bxe2) 39. h4 Bh6 ({Don't play} 39... Bxh4 40. Nc3 $17) (39... Be7 $19 40. Ng3 a5) 40. Nc3 $17 Bf4+ 41. Kh3 {[#]} Rd2 $1 $36 {[%cal Rd2d3][%mdl 2048] Black has strong initiative.} 42. Rxd2 Bxd2 {[%mdl 4096] Endgame KRN-KB} 43. Nd5 {[#]} a5 $1 {[%cal Ba6a5,Ba5a4][%mdl 32]} 44. Rd8 {Black must now prevent Nc7+.} Be1 45. Nb6 (45. f4 $142) 45... Bf2 $19 46. Nc4 a4 47. Ra8 Bd7 48. g4 Bd4 49. Rb8 Bb5 50. Na3 Ba6 51. h5 Bc5 52. Nc2 Kf6 (52... Bd3 $142 53. Ne1 Bf1+ 54. Kg3 b5) 53. h6 $2 (53. Kg3) 53... Kg5 54. Rc8 b6 {Black is clearly winning.} 55. Rc7 Bd3 56. Ne1 Bc4 57. Nc2 Bf1+ 58. Kg3 Bd3 59. Rxf7 (59. Ne1 $142 Bc4 60. Nc2) 59... Bxc2 60. Rxh7 a3 {Precision: White = 44%, Black = 65%.} 0-1

[Event "XVIII Najdorf Open 2018"]
[Site "Warsaw"]
[Date "2018.07.13"]
[Round "6"]
[White "Ostrovskiy, Andrey"]
[Black "Pacan Milej, Kosma"]
[Result "1/2-1/2"]
[WhiteElo "2431"]
[BlackElo "2282"]
[Annotator "TA"]
[PlyCount "95"]
[EventDate "2018.07.08"]
[EventCountry "POL"]
[SourceTitle "playchess.com"]
[Source "ChessBase"]
[SourceQuality "1"]

{[%evp 27,95,27,35,15,15,0,10,12,18,-24,-16,-21,-20,-52,-49,-55,-61,-68,-25,-50,-25,-31,-19,-23,-18,-31,0,-14,-10,-64,-64,-87,-64,-65,-68,-81,-67,-52,-41,-34,0,0,0,0,0,0,0,0,0,0,0,0,0,0,0,0,0,0,0,0,0,0,0,0,0,0,0,0,0,0]} 1. e4 c5 2. Nf3 d6 3. d4 Nf6 4. Nc3 cxd4 5. Nxd4 a6 6. Be2 e5 7. Nb3 Be7 8. Be3 Be6 9. Nd5 Nbd7 10. Qd3 Bxd5 11. exd5 O-O 12. O-O Rc8 13. c4 b6 {B92: Sizilianisch (Najdorf-Variante mit 6.Le2)} (13... Ne8 14. f3 g6 15. Kh1 Ng7 16. Bg1 Bg5 17. Rad1 h5 18. Nd2 f5 19. b4 h4 20. c5 dxc5 21. d6 cxb4 {1-0 (45) Karjakin,S (2782)-Grischuk,A (2766) Paris 2018}) 14. Rad1 a5 {LiveBook: 5 Partien} 15. f4 a4 16. Na1 $146 {[%cal Bb3a1,Ba1c2,Bc2b4,Bb4c6,Bc6d4][%mdl 32]} ({Vorgänger:} 16. Nc1 Ne8 17. b3 Nc5 18. Qf5 g6 19. Qh3 Bf6 20. Bg4 Rc7 21. b4 exf4 22. Rxf4 {½-½ (47) Andrijevic,M (2273)-Martic,I (2364) Belgrade 2015}) 16... exf4 17. Bxf4 Nc5 18. Qe3 Nfe4 19. Nc2 f5 {Droht stark ...g5.} 20. Qh3 Bf6 21. Bc1 g6 22. Nb4 Bg5 (22... Ng5 $5 {[%cal Rg5h3]} 23. Qg3 Qe7 $11) 23. Be3 Bxe3+ 24. Qxe3 Qf6 25. Nc6 Rce8 26. Nd4 $1 f4 27. Qa3 Ng5 28. Bf3 (28. Bg4 $11) 28... Re3 $15 29. Qb4 Rb8 30. Nc2 Nxf3+ 31. Rxf3 Rxf3 32. gxf3 Re8 {[#] Und weiter mit ...Te2 wäre nett.} 33. Re1 Qg5+ 34. Kf1 {Die Stellung ist ausgeglichen.} Rxe1+ 35. Nxe1 Qe5 36. Qxb6 Qd4 37. Qd8+ Kf7 38. b3 axb3 39. axb3 {[#] Droht Dc7+ und aus.} Nd3 {[%csl Gd3][%cal Rd4f2]} 40. Qd7+ Kg8 {[%csl Gd3][%cal Rd4f2]} 41. Qe6+ Kg7 {[%csl Gd3][%cal Rd4f2]} 42. Qe7+ Kg8 {[%csl Gd3][%cal Rd4f2]} 43. Nxd3 Qxd3+ 44. Qe2 Qxb3 45. Kg2 Qc3 46. Qe6+ Kg7 47. Qe7+ Kg8 48. Qe6+ {Precision: Weiß = 42%, Schwarz = 76%.} 1/2-1/2

[Event "XVIII Najdorf Open 2018"]
[Site "Warsaw"]
[Date "2018.07.13"]
[Round "6"]
[White "Murdzia, Piotr"]
[Black "Krstulovic, Alex"]
[Result "1/2-1/2"]
[WhiteElo "2410"]
[BlackElo "2305"]
[Annotator "TA"]
[PlyCount "64"]
[EventDate "2018.07.08"]
[EventCountry "POL"]
[SourceTitle "playchess.com"]
[Source "ChessBase"]
[SourceQuality "1"]

{[%evp 14,64,0,-6,5,0,10,7,20,26,33,0,0,0,0,0,0,-30,-20,-24,-9,-17,-6,-14,0,0,0,0,0,0,0,0,16,0,0,0,0,0,0,0,0,0,0,0,0,0,0,0,0,-21,-14,-35,0]} 1. c4 Nf6 2. g3 c6 3. Bg2 d5 4. d4 Bf5 5. Qb3 Qb6 6. Nf3 {D00: 1 d4 d5: Unusual lines} Qxb3 7. axb3 e6 8. Nc3 {LiveBook: 3 Games. The position is equal.} Nbd7 9. Bf4 $146 ({Predecessor:} 9. c5 a6 10. b4 Rc8 11. h3 h6 12. g4 Bh7 13. Bf4 Be7 14. Nd2 {1-0 (40) Sanikidze,T (2417)-Hammer,J (2318) Belfort 2005}) 9... Nh5 10. Be3 Bb4 11. O-O O-O 12. Ne5 {[%cal Bf3e5,Be5d3,Bd3c5][%mdl 32]} Nhf6 13. Nd3 Bd6 14. Rfd1 a6 15. Bf4 Bxf4 16. gxf4 Nb6 17. Nc5 Rab8 18. Bf1 Rfd8 19. f3 Bg6 20. e3 Nfd7 21. Kf2 Kf8 22. Be2 Ke7 (22... Bc2 {is interesting.} 23. Rdc1 Bg6 24. Rd1) 23. e4 (23. Nxd7 {feels hotter.} Nxd7 24. e4 Nf6 25. Ke3 Kf8 26. b4) 23... dxe4 24. fxe4 Nxc5 $1 25. dxc5 {[#] aiming for Rxd8.} Rxd1 26. Bxd1 Nd7 27. b4 f6 28. Ke3 Bf7 29. Be2 g5 30. fxg5 fxg5 31. Rg1 h6 32. h4 Rg8 {Precision: White = 65%, Black = 55%.} 1/2-1/2

[Event "XVIII Najdorf Open 2018"]
[Site "Warsaw"]
[Date "2018.07.13"]
[Round "6"]
[White "Rakesh, Kumar Jena"]
[Black "Mahalakshmi, M."]
[Result "1-0"]
[WhiteElo "2385"]
[BlackElo "2238"]
[Annotator "NA"]
[PlyCount "43"]
[EventDate "2018.07.08"]
[EventCountry "POL"]
[SourceTitle "playchess.com"]
[Source "ChessBase"]
[SourceQuality "1"]

1. Nf3 Nf6 2. d4 e6 3. Bf4 b6 4. e3 Bb7 5. Bd3 Be7 6. Nbd2 d5 7. Ne5 O-O 8. Qf3 c5 9. c3 Nbd7 10. h4 Nxe5 11. dxe5 Ne4 12. Nxe4 dxe4 13. Bxe4 Bxe4 14. Qxe4 Qd7 15. Rd1 Qb5 16. Bg5 Rae8 17. Rd2 h6 18. Rh3 Bxg5 19. hxg5 Rd8 20. Rxh6 gxh6 21. gxh6 f5 22. Qb7 1-0

[Event "XVIII Najdorf Open 2018"]
[Site "Warsaw"]
[Date "2018.07.13"]
[Round "6"]
[White "Molenda, Marcin"]
[Black "Bernadskiy, Vitaliy"]
[Result "1/2-1/2"]
[WhiteElo "2382"]
[BlackElo "2586"]
[Annotator "RC"]
[PlyCount "106"]
[EventDate "2018.07.08"]
[EventCountry "POL"]
[SourceTitle "playchess.com"]
[Source "ChessBase"]
[SourceQuality "1"]

1. d4 Nf6 2. c4 e6 3. g3 c5 4. Nf3 cxd4 5. Nxd4 d5 6. Bg2 e5 7. Nb3 d4 8. O-O Nc6 9. f4 e4 10. e3 Bg4 11. Qe1 Bb4 12. Qf2 Be6 13. Rd1 d3 14. N1d2 Ng4 15. Qe1 f5 16. a3 Be7 17. h3 Nf6 18. Qf2 Rc8 19. g4 g6 20. g5 Nd7 21. Nf1 Bxc4 22. Nbd2 Bd5 23. b4 h6 24. Bb2 Rh7 25. h4 hxg5 26. hxg5 a5 27. Ng3 axb4 28. Ndxe4 fxe4 29. Nxe4 bxa3 30. Bxa3 Bxa3 31. Rxa3 Qe7 32. Raxd3 Nb4 33. Rxd5 Nxd5 34. Qa2 N7b6 35. Rxd5 Nxd5 36. Qxd5 Kf8 37. Kf2 Rd8 38. Qc4 Re8 39. Kg3 Ra8 40. Bf3 Rd8 41. Nf6 Rf7 42. Be4 b5 43. Qc6 b4 44. Bxg6 Qxe3+ 45. Kg4 Qe2+ 46. Kh4 Qe1+ 47. Kh5 Qd1+ 48. Kh6 Qd6 49. Qc4 Rxf6 50. gxf6 Qxf6 51. Qxb4+ Kg8 52. Qc4+ Kh8 53. Qc7 Qh4+ 1/2-1/2

[Event "XVIII Najdorf Open 2018"]
[Site "Warsaw"]
[Date "2018.07.13"]
[Round "6"]
[White "Nurkiewicz, Maciej"]
[Black "Dzierzak, Radoslaw"]
[Result "1/2-1/2"]
[WhiteElo "2368"]
[BlackElo "2244"]
[Annotator "ChessBase"]
[PlyCount "183"]
[EventDate "2018.07.08"]
[EventCountry "POL"]
[SourceTitle "playchess.com"]
[Source "ChessBase"]
[SourceQuality "1"]

1. e4 c6 2. d4 d5 3. Nc3 dxe4 4. Nxe4 Bf5 5. Ng3 Bg6 6. N1e2 Nf6 7. Nf4 e5 8. Nxg6 hxg6 9. dxe5 Qa5+ 10. Bd2 Qxe5+ 11. Qe2 Qxe2+ 12. Bxe2 Nbd7 13. O-O Bc5 14. Rfe1 O-O 15. Bf3 Rfe8 16. Bf4 Kf8 17. h3 Rxe1+ 18. Rxe1 Re8 19. Rd1 Nb6 20. Kf1 Nbd5 21. Bd2 Nb6 22. b3 Nbd5 23. c3 Rd8 24. Be1 Be7 25. c4 Nf4 26. Rxd8+ Bxd8 27. Bd2 Bc7 28. Be3 a6 29. Bd4 Nd3 30. Ne4 Nxe4 31. Bxe4 Be5 32. Be3 Nf4 33. g3 Ne6 34. f4 Bd4 35. Bd2 f5 36. Bd3 Ke7 37. Kg2 Kf6 38. g4 fxg4 39. hxg4 g5 40. fxg5+ Nxg5 41. Bf5 Ne6 42. Kf3 Be5 43. Ke4 Nc5+ 44. Ke3 Ne6 45. Be1 g5 46. Ba5 Bb2 47. Bb6 Ke5 48. Kd3 Bd4 49. Bxd4+ Nxd4 50. Bc8 c5 51. Bxb7 a5 52. Kc3 Ne2+ 53. Kb2 Kd4 54. Bf3 Nc3 55. a3 Kd3 56. Kc1 Na2+ 57. Kb1 Nc3+ 58. Kb2 Kd2 59. b4 axb4 60. axb4 cxb4 61. Kb3 Kd3 62. Kxb4 Kd4 63. c5 Na2+ 64. Kb3 Nc3 65. c6 Nb5 66. Kb4 Nc7 67. Ka5 Kc5 68. Bg2 Ne6 69. Ka6 Kd6 70. Kb6 Nc7 71. Kb7 Nb5 72. Kc8 Nc7 73. Kd8 Na8 74. Bf3 Nc7 75. Be4 Na6 76. Ke8 Nc5 77. Bf3 Ne6 78. Kf7 Nf4 79. Kf6 Nh3 80. Bg2 Nf4 81. Bf1 Kxc6 82. Kxg5 Ne6+ 83. Kf6 Kd6 84. Bc4 Nf8 85. Kf7 Nd7 86. g5 Ne5+ 87. Kf8 Nxc4 88. g6 Ne5 89. g7 Ng6+ 90. Kf7 Ne7 91. g8=Q Nxg8 92. Kxg8 1/2-1/2

[Event "XVIII Najdorf Open 2018"]
[Site "Warsaw"]
[Date "2018.07.13"]
[Round "6"]
[White "Bartel, Michal"]
[Black "Socko, Monika"]
[Result "0-1"]
[WhiteElo "2360"]
[BlackElo "2464"]
[Annotator "TA"]
[PlyCount "100"]
[EventDate "2018.07.08"]
[EventCountry "POL"]
[SourceTitle "playchess.com"]
[Source "ChessBase"]
[SourceQuality "1"]

{[%evp 21,100,0,0,1,13,16,48,41,28,31,47,55,43,17,41,41,129,110,103,0,0,0,0,0,0,0,0,0,0,0,0,0,0,2,44,43,62,-15,-16,-21,-31,-36,0,0,0,0,0,-27,-13,-167,-152,-143,-65,-241,-245,-477,-206,-201,0,-65,-80,-221,-234,-216,-229,-232,-227,-233,-235,-232,-175,-320,-287,-252,-261,-279,-278,-233,-247,-559,-563]} 1. e4 e6 2. d4 d5 3. Nc3 Bb4 4. exd5 exd5 5. Bd3 Nc6 6. a3 Bxc3+ 7. bxc3 Be6 {C01: French: Exchange Variation} (7... Nge7 8. Qf3 Be6 9. Nh3 Qd7 10. Ng5 O-O-O 11. O-O Rdf8 12. Nxe6 fxe6 13. Qe2 Nf5 14. a4 Nd6 15. Re1 Re8 16. Bf4 Rhf8 {1-0 (57) Vachier Lagrave,M (2788)-Caruana,F (2795) chess.com INT 2016}) 8. Rb1 b6 9. Qf3 Qd7 10. Ne2 Nge7 11. O-O Bf5 {LiveBook: 11 Games} 12. Re1 O-O 13. Nf4 Rfe8 {aiming for ...Bg4.} 14. Bd2 Rad8 15. h3 Bxd3 16. cxd3 Rf8 $146 ({Predecessor:} 16... Na5 17. Nh5 Qc6 18. Bg5 f6 19. Bxf6 gxf6 20. Nxf6+ Kh8 21. Nxe8 {1-0 (21) Schramm,C (2396)-Kaiser,E (2158) Bad Wiessee 2013}) 17. Nh5 {Black must now prevent Qg3.} Qf5 18. Bf4 Rc8 (18... f6 $14) 19. g4 $16 Qg6 20. Kh1 (20. Bg3 $16) 20... f5 $11 21. g5 Qf7 $1 22. Re3 Ng6 23. Rbe1 Kh8 24. Re6 Nd8 25. R6e3 $1 Nc6 26. Kh2 Kg8 27. Kg3 Nd8 28. h4 {[%cal Bh3h4,Bh4h5][%mdl 32]} Qd7 29. Kh3 (29. Be5 $1 $14) 29... c5 30. Ng3 cxd4 31. cxd4 Nc6 32. Ne2 Rfe8 33. h5 Nf8 34. Nc3 Ne6 $36 {[%mdl 2048] Black has the initiative.} 35. Kh2 $2 (35. Qxd5 $11 Qxd5 36. Nxd5 Ncxd4 37. Kg3) 35... Ncxd4 $19 36. Qxd5 Qf7 (36... Red8 $17 37. Qa2 Rxc3 38. Rxe6 Nxe6 39. Rxe6 Qd5) 37. Nb5 $2 (37. g6 $1 $15 Qf6 38. Nb5) 37... Qxh5+ 38. Kg2 $2 (38. Rh3 Rc5 39. Rxh5 Rxd5 40. Nxd4 Rxd4 41. Bb8) 38... Qg4+ ({Less strong is} 38... Rcd8 39. Nd6 $17) (38... Red8 $142 39. Bd6 Rc5 $1 {[%mdl 512]}) 39. Kf1 {[#]} Rcd8 $2 (39... Red8 $1 $19 {[%cal Rd8d5]} 40. Nd6 Qh5 41. Rxe6 Qh3+ 42. Qg2 Qxd3+ 43. Kg1 Nf3+ 44. Kh1 Nxe1 45. Rxe1 Rxd6 46. Bxd6 Qxd6) 40. Nd6 (40. Qa2 $1 $11 Qxf4 41. Nxd4 Qxd4 42. Rxe6) 40... Re7 $15 {[#]} ({Wrong is} 40... Qxf4 $2 41. Rxe6 Nxe6 42. Rxe6 $18) 41. f3 (41. R1e2 $1 $17 {[%mdl 512]} Nxe2 42. Rxe2 Qxf4 43. Rxe6) 41... Qxf4 $19 42. Rxe6 Rxe6 43. Rxe6 {[%csl Gd6][%cal Re6e8]} Qxf3+ 44. Qxf3 Nxf3 45. Nxf5 {[%mdl 4096] Endgame KRN-KRN} Nd4 ({And not} 45... Rxd3 46. Nd6 $11) 46. Ne7+ (46. Nxd4 $142 Rxd4 47. Re7) 46... Kf7 47. Re4 Rd7 48. g6+ hxg6 49. Nc8 Nc6 {Hoping for ...Rd8.} 50. Ke2 $2 (50. Rc4 {is tougher.} Na5 51. Rf4+ Ke8 52. Kg2) 50... Rd8 {Precision: White = 39%, Black = 54%.} 0-1

[Event "XVIII Najdorf Open 2018"]
[Site "Warsaw"]
[Date "2018.07.13"]
[Round "6"]
[White "Havelka, Josef"]
[Black "Polatel, Ali"]
[Result "1-0"]
[WhiteElo "2349"]
[BlackElo "2238"]
[Annotator "TA"]
[PlyCount "122"]
[EventDate "2018.07.08"]
[EventCountry "POL"]
[SourceTitle "playchess.com"]
[Source "ChessBase"]
[SourceQuality "1"]

{[%evp 18,122,9,-7,0,5,66,0,0,0,27,-12,-16,-20,-16,-16,-19,-18,-14,-16,-17,-29,-18,-17,-15,-14,0,-15,0,0,0,0,0,-3,32,37,42,50,47,40,44,47,32,-4,-4,-24,0,-43,30,23,56,13,205,120,119,33,24,28,39,2,10,0,0,0,67,62,772,765,758,751,741,741,29980,29980,760,228,228,228,228,228,247,219,545,545,545,545,545,545,537,537,8401,4802,8933,6818,29955,5632,4706,4706,29973,29975,29977,29978,29985,29985,29987,29988,29984]} 1. e4 c6 2. d4 d5 3. e5 c5 4. dxc5 Nc6 5. Bb5 e6 6. Be3 Bd7 7. Bxc6 Bxc6 8. Nf3 {B12: Caro-Kann: Advance Variation} Ne7 9. O-O (9. c3 Nf5 10. Bd4 Nxd4 11. Qxd4 Qc7 12. b4 b6 13. cxb6 axb6 14. O-O Bb5 15. Re1 Be7 {1-0 (73) Kurnosov,I (2674)-Maslak,K (2560) Rijeka 2010}) 9... Nf5 10. Bd4 {LiveBook: 6 Games. The position is equal.} Nxd4 11. Qxd4 a5 (11... Qe7 $11) 12. Nbd2 $146 ({White should play} 12. a3 $14) ({Predecessor:} 12. c3 a4 13. Nbd2 Qa5 14. b4 axb3 15. axb3 Qxa1 16. Rxa1 Rxa1+ {0-1 (44) Clement,O (2230)-Chaury,F (2240) France 1996}) 12... Qe7 $1 $11 13. Qf4 Qc7 14. c4 Bxc5 15. Rac1 O-O 16. cxd5 Bxd5 17. Ne4 Bxe4 18. Qxe4 {With the idea Ng5.} h6 19. Rc3 Qe7 20. Rfc1 b6 21. a3 Rad8 22. h3 Rd7 23. Rc4 {b4 is the strong threat.} Qd8 24. b4 axb4 25. axb4 Rd1+ 26. Kh2 $1 {aiming for Rxd1.} Rxc1 27. Rxc1 Be7 $1 28. Nd4 $1 Re8 (28... Bxb4 $2 29. Nc6 $18) 29. Nc6 Qd7 30. f4 Bf8 31. b5 g6 32. Qf3 Kg7 (32... Qd2 $1 $15 33. Qf1 Ra8) 33. Rd1 Qb7 34. Rd3 Ra8 $2 (34... Bc5 $11 {and Black is okay.}) 35. Qd1 (35. h4 $1 $18) 35... Rc8 {[#]} 36. Qd2 (36. h4 $1 $16) 36... Rxc6 $14 37. bxc6 Qxc6 {[%mdl 4096] Endgame KQR-KQB} 38. Rd8 b5 39. Qd3 Qc1 40. Qd2 Qf1 (40... Qc6 $11) 41. Rc8 $36 {[%mdl 2048] Black must now prevent Rc1. White has good play.} b4 $2 {[%mdl 8192] [#]} (41... Ba3 $14) 42. Rc1 $1 $18 {[%cal Rc1f1]} Qb5 43. Qd8 {Threatening mate with Rc7.} Bc5 44. Ra1 {White wants to mate with Ra8.} Bf8 45. Ra7 Kg8 46. Qc7 $2 (46. Ra8 Qc5 47. Rc8) 46... Qe8 47. Qb7 Kg7 48. Kg3 h5 49. Kf3 h4 $2 (49... b3 {is tougher.} 50. Ra8 (50. Qxb3 Qc6+ 51. Kg3 h4+ 52. Kxh4 Qxg2 $11) 50... Qe7 51. Qxe7 (51. Qxb3 Qd7 $16) 51... Bxe7) 50. Kg4 b3 {If Black can now play ...b2 this consolidates a bit.} 51. Ra8 Qe7 52. Qxe7 Bxe7 {KR-KB} 53. Rb8 g5 54. f5 f6 55. exf6+ Bxf6 56. Rb7+ Kf8 57. Rxb3 e5 58. Rb7 {White mates.} Be7 59. Kf3 Bc5 60. Ke4 Bd4 61. f6 Ke8 {Precision: White = 58%, Black = 32%.} 1-0

[Event "XVIII Najdorf Open 2018"]
[Site "Warsaw"]
[Date "2018.07.13"]
[Round "6"]
[White "Baskin, Robert"]
[Black "Czopor, Maciej"]
[Result "1-0"]
[WhiteElo "2339"]
[BlackElo "2217"]
[Annotator "NA"]
[PlyCount "99"]
[EventDate "2018.07.08"]
[EventCountry "POL"]
[SourceTitle "playchess.com"]
[Source "ChessBase"]
[SourceQuality "1"]

1. e4 c5 2. Nf3 e6 3. d4 cxd4 4. Nxd4 Nf6 5. Nc3 d6 6. g4 h6 7. h4 Nc6 8. Rg1 d5 9. exd5 Nxd5 10. Nxd5 exd5 11. Be3 Qxh4 12. Qe2 Nxd4 13. Bxd4+ Qe7 14. Qxe7+ Kxe7 15. O-O-O f6 16. c4 Kf7 17. Be3 Be7 18. Bg2 Bxg4 19. Bxd5+ Be6 20. Bxe6+ Kxe6 21. Rxg7 Rag8 22. Rxg8 Rxg8 23. Bxh6 Rc8 24. b3 b5 25. Rd4 Bc5 26. Re4+ Kf5 27. f3 Rh8 28. Bd2 Rh1+ 29. Kc2 b4 30. Re8 Bd4 31. Rd8 Be5 32. Rd5 Ke6 33. f4 Bd6 34. f5+ Ke7 35. c5 Be5 36. Bxb4 Rf1 37. c6+ Ke8 38. Bc3 Rf2+ 39. Kd1 Rf1+ 40. Ke2 Rc1 41. Bxe5 fxe5 42. Rxe5+ Kf7 43. Ra5 Rxc6 44. Rxa7+ Kf6 45. Ra5 Rc8 46. Kd3 Rc7 47. Kd4 Rc2 48. a4 Rc1 49. Rc5 Rd1+ 50. Kc4 1-0